Normal view MARC view
  • Flores Gutiérrez, María

Entry Nombre Personal

Number of records used in: 1

001 - NUMERO DE CONTROL

  • campo de control: 47783

003 - IDENTIFICADOR DE NUMERO DE CONTROL

  • campo de control: DLC

005 - FECHA Y HORA DE LA ÜLTIMA TRANSACCIÓN

  • campo de control: 20230210111312.0

008 - DATOS DE LONGITUD FIJA

  • campo de control de longitud fija: 120718n| acannaabn |a aaa c

010 ## - NÚMERO DE CONTROL DE LA BIBLIOTECA DEL CONGRESO

  • Número de control LC: no2012096852

035 ## - NUMERO DE CONTROL

  • Número de control: (OCoLC)oca09251862

040 ## - FUENTE DE CATALOGACIÓN

  • Agencia original de catalogación: TNJ
  • Lenguaje de catalogación: spa
  • Description conventions: rda
  • Agencia de transcripción: TNJ
  • Agencia que lo modifica: MX-MxUPN

100 1# - ENCABEZAMIENTO - NOMBRE PERSONAL

  • Nombre personal: Flores Gutiérrez, María

370 ## - LUGAR ASOCIADO

  • Place of birth: Ayacucho (Perú)

372 ## - CAMPO DE ACTIVIDAD

  • Field of activity: Filosofía

373 ## - GRUPO ASOCIADO

  • Associated group: Universidad Nacional de San Cristóbal de Huamanga
  • Fuente del término: naf

374 ## - OCUPACIÓN

  • Occupation: Profesor

377 ## - LENGUA ASOCIADA

  • Language code: spa

670 ## - FUENTE EN LA QUE SE LOCALIZARON DATOS

  • Cita de la fuente: Filosofía andina, 2011:
  • Información localizada: portada (María Flores Gutiérrez) solapa (nació en Ayacucho, Perú; maestra en Filosofía por la Universidad Nacional Mayor de San Marcos)

670 ## - FUENTE EN LA QUE SE LOCALIZARON DATOS

  • Cita de la fuente: Filosofía intercultural y el Allin Kawsay (vivir bien andino) en el diálogo de razones, 2019:
  • Información localizada: portada (María Flores Gutiérrez) solapa (profesora principal en la Universidad Nacional de San Cristóbal de Huamanga-Ayacucho, en el área de Filosofía)

902 ## - CATALOGADOR

  • Catalogador: Víctor Ruiz/100223